|
|
|
|
| LEADER |
00000nam a2200000 a 4500 |
| 001 |
UCS2712 |
| 003 |
CL-VaPUC |
| 008 |
970604e19600000SP |||||||||||||||||spa|d |
| 082 |
0 |
4 |
|a 344.01
|b PER
|2 21
|
| 100 |
0 |
|
|a Pérez Botija, Eugenio
|e author
|9 388439
|
| 245 |
1 |
0 |
|a Curso de derecho del trabajo
|
| 250 |
|
|
|a 6a. ed
|
| 300 |
|
|
|a 608 p
|
| 942 |
|
|
|c BK
|
| 945 |
|
|
|d 19970604 00:00:00
|a lriquelm
|
| 260 |
|
|
|a Madrid
|b Tecnos
|c 1960
|
| 650 |
|
7 |
|a DERECHO LABORAL
|2 CL-VaPUC
|9 15
|
| 650 |
|
0 |
|a Fuentes del derecho
|9 255162
|
| 650 |
|
0 |
|a Relaciones laborales
|9 335971
|
| 650 |
|
7 |
|a CONTRATO DE TRABAJO
|2 CL-VaPUC
|9 388440
|
| 650 |
|
7 |
|a REMUNERACIONES
|2 CL-VaPUC
|9 371777
|
| 650 |
|
0 |
|a Término del contrato de trabajo
|9 388408
|
| 650 |
|
0 |
|a Seguridad social
|9 255322
|
| 583 |
|
|
|a last modification
|c 20170712 04:38:13
|k Rodrigo Vera
|
| 999 |
|
|
|c 260650
|d 260648
|
| 952 |
|
|
|0 0
|1 0
|4 0
|6 344_010000000000000_PER_1960
|7 0
|8 A
|9 286915
|a BIBDER
|b BIBDER
|d 2019-11-19
|i 1863274
|o 344.01 PER 1960
|p 1863274
|r 2023-01-25
|w 2019-11-19
|y BK
|k DER
|